| 000 | 00614cam a22001935a 4500 | ||
|---|---|---|---|
| 001 | L154845 | ||
| 008 | 120124s1927 xxk f 000 0 eng d | ||
| 035 | _a(Sirsi) u154845 | ||
| 041 | 0 | _aeng | |
| 050 | 0 | 4 | _a526.98 $2 18 |
| 110 | 2 |
_aWar Office _93243 |
|
| 245 | 0 | 0 |
_aSurvey computations _bto be used in conjunction with the text book of topographical and geographical surveying, third edition |
| 260 |
_aLondon _bHMSO _c1927 |
||
| 300 |
_avii, 179p. _bill. _c33cm. |
||
| 520 | _aContains forms, with examples and explanatory notes. | ||
| 651 | 4 |
_aUnited Kingdom _y |
|
| 690 |
_aMeasurement _96256 |
||
| 942 | _n0 | ||
| 999 |
_c113191 _d113191 |
||